Pintando sombras /

Guardado en:
Autor Corporativo: Videopedia Britannica.
Formato: Deslizar
Materias:
Etiquetas: Agregar Etiqueta
Sin Etiquetas, Sea el primero en etiquetar este registro!
LEADER 00768ngm a22002295g 4500
001 CEM.cems021663
008 130507b199?##################0###0#####d
005 20240903145447.0
245 1 0 |a Pintando sombras /  |c Videopedia Britannica 
300 |a 8 
500 |a En soporte VHS, consultar en ventanilla. 
505 0 |a Pintura de sombras en acuarela. Elementos de la iluminación. Formas que adoptan las sombras. 
538 |a Soporte: VHS - Norma: Pal N - Color - Compra CEMS - Hitachi=0900. 
110 2 |a Videopedia Britannica. 
082 7 5 |/ VID 
653 |a ARTE 
653 |a PINTURA 
653 |a ARTES PLASTICAS 
653 |a SOMBRAS 
653 |a ACUARELA 
653 |a NIVEL SECUNDARIO 
859 |a CEMS  |b BIB. CEMS - Depto. Recursos Didacticos  |h 750  |i VID  |k DRD  |p 306.12  |t Ej.1